Gentilés de la métropole parisienne. Où habitent les ... - Statistiques

Statistiques générales
  • Ce quiz a été pris 47 fois
  • Le résultat moyen est 72 sur 127
Statistiques - réponses
Gentilé Commune % Correct
A Alfortvillais Alfortville
89%
A Argenteuillais Argenteuil
87%
B Bagnoletais Bagnolet
87%
A Arcueillais Arcueil
84%
A Aulnaysiens Aulnay-sous-Bois
84%
B Bois-Colombiens Bois-Colombes
84%
C Clichois Clichy | Clichy-sous-Bois
84%
N Nanterriens Nanterre
84%
P Pantinois Pantin
84%
C Châtillonnais Châtillon
82%
C Clamartois Clamart
82%
C Colombiens Colombes
82%
M Montreuillois Montreuil
82%
N Neuilléens Neuilly-sur-Seine
82%
O Orlysiens Orly
82%
P Parisien Paris
82%
V Villejuifois Villejuif
82%
A Asniérois Asnières-sur-Seine
79%
D Drancéens Drancy
79%
F Fresnois Fresnes
79%
G Gennevillois Gennevilliers
79%
M Malakoffiots Malakoff
79%
M Montrougiens Montrouge
79%
S Sevranais Sevran
79%
B Bondynois Bondy
76%
C Courbevoisiens Courbevoie
76%
I Isséens Issy-les-Moulineaux
76%
L Blanc-Mesnilois Le Blanc-Mesnil
76%
L Kremlinois Le Kremlin-Bicêtre
76%
R Romainvillois Romainville
76%
R Rungissois Rungis
76%
V Vincennois Vincennes
76%
A Antoniens Antony
74%
C Cachanais Cachan
74%
C Choisyens Choisy-le-Roi
74%
L Courneuviens La Courneuve
74%
L Lilasiens Les Lilas
74%
M Meudonnais Meudon
74%
N Nogentais Nogent-sur-Marne
74%
S Suresnois Suresnes
74%
B Boulonnais Boulogne-Billancourt
71%
I Ivryens Ivry-sur-Seine
71%
L Levalloisiens Levallois-Perret
71%
M Montfermeillois Montfermeil
71%
N Noiséens Noisy-le-Grand | Noisy-le-Sec
71%
P Putéoliens Puteaux
71%
R Rueillois Rueil-Malmaison
71%
S Saint-Mandéens Saint-Mandé
71%
V Villepintois Villepinte
71%
G Garchois Garches
68%
L L'Haÿssiens L'Haÿ-les-Roses
68%
V Vitriots Vitry-sur-Seine
68%
F Fontenaysiens Fontenay-sous-Bois
66%
G Gentilléens Gentilly
66%
J Joinvillais Joinville-le-Pont
66%
R Rosnéens Rosny-sous-Bois
66%
T Tremblaysiens Tremblay-en-France
66%
V Vanvéens Vanves
66%
V Vaucressonnais Vaucresson
66%
V Villemomblois Villemomble
66%
C Charentonnais Charenton-le-Pont
63%
J Juvisiens Juvisy-sur-Orge
63%
S Sévriens Sèvres
63%
T Thiaisiens Thiais
63%
B Boisséens Boissy-Saint-Léger
61%
C Chavillois Chaville
61%
D Dugnysiens Dugny
61%
S Dionysiens Saint-Denis
61%
S Mauritiens Saint-Maurice
61%
V Villénogarennois Villeneuve-la-Garenne
61%
M Maisonnais Maisons-Alfort
58%
M Morangissois Morangis
58%
C Chevillais Chevilly-Larue
55%
L Robinsonnais Le Plessis-Robinson
55%
L Raincéens Le Raincy
55%
S Stanois Stains
55%
S Sucyciens Sucy-en-Brie
55%
L Garennois La Garenne-Colombes
53%
L Bourgetins Le Bourget
53%
S Scéens Sceaux
53%
V Villetaneusiens Villetaneuse
53%
B Bonneuillois Bonneuil-sur-Marne
50%
B Réginaburgiens Bourg-la-Reine
50%
C Châtenaisiens Châtenay-Malabry
50%
F Fontenaisiens Fontenay-aux-Roses
50%
L Livryens Livry-Gargan
50%
V Valentonais Valenton
50%
S Saviniens Savigny-sur-Orge
47%
A Athégiens Athis-Mons
45%
C Coubronnais Coubron
45%
L Gervaisiens Le Pré-Saint-Gervais
45%
P Pierrefittois Pierrefitte-sur-Seine
45%
V Villecresnois Villecresnes
45%
V Villeneuvois Villeneuve-le-Roi | Villeneuve-Saint-Georges
45%
A Albertivillariens Aubervilliers
39%
B Balbyniens Bobigny
37%
B Bryards Bry-sur-Marne
37%
C Cristoliens Créteil
37%
S Saint-Mauriens Saint-Maur-des-Fossés
37%
E Spinassiens Épinay-sur-Seine
34%
G Gournaysiens Gournay-sur-Marne
34%
L Perreuxiens Le Perreux-sur-Marne
34%
L Pavillonnais Les Pavillons-sous-Bois
34%
L Ilodionysiens L'Île-Saint-Denis
34%
N Nocéens Neuilly-Plaisance | Neuilly-sur-Marne
34%
P Paraysiens Paray-Vieille-Poste
34%
A Ablonais Ablon-sur-Seine
32%
V Villiérains Villiers-sur-Marne
32%
L Brévannais Limeil-Brévannes
29%
O Ormessonnais Ormesson-sur-Marne
29%
S Audoniens Saint-Ouen-sur-Seine
29%
B Balnéolais Bagneux
26%
C Campinois Champigny-sur-Marne
26%
P Pérignons Périgny
26%
S Santenois Santeny
24%
S Clodoaldiens Saint-Cloud
21%
V Castelvirois Viry-Châtillon
21%
L Plesséens Le Plessis-Trévise
18%
M Mandrions Mandres-les-Roses
16%
M Marnois Marnes-la-Coquette
16%
M Marollais Marolles-en-Brie
13%
V Valjoviens Vaujours
13%
N Noiséens Noiseau
11%
G Gabiniens Gagny
8%
C Canavérois Chennevières-sur-Marne
5%
L Caudaciens La Queue-en-Brie
5%
V Dagovéraniens Ville-d'Avray
5%
Aucun quiz correspondant
Distribution des résultats
% des personnes avec chaque résultat
Percentile par nombre de réponses
Votre historique - résultats
Vous n’avez pas pris ce quiz